GEOTECHNICAL EARTHQUAKE ENGINEERING (Record no. 18382)

MARC details
000 -LEADER
fixed length control field 00335nam a22001457a 4500
003 - CONTROL NUMBER IDENTIFIER
control field SGT
020 ## - INTERNATIONAL STANDARD BOOK NUMBER
International Standard Book Number 9788131707180
082 ## - DEWEY DECIMAL CLASSIFICATION NUMBER
Classification number 624.1762,KRA
100 ## - MAIN ENTRY--PERSONAL NAME
Personal name KRAMER,STEVEN L.
245 ## - TITLE STATEMENT
Title GEOTECHNICAL EARTHQUAKE ENGINEERING
260 ## - PUBLICATION, DISTRIBUTION, ETC. (IMPRINT)
Place of publication, distribution, etc CHENNAI
Name of publisher, distributor, etc PEARSON
Year of Publication 2019
300 ## - PAGE DESCRIPTION
No. of Pages 653
650 ## - SUBJECT ADDED ENTRY--TOPICAL TERM
Topical term or geographic name as entry element CIVIL ENGINEERING
942 ## - ADDED ENTRY ELEMENTS (KOHA)
Source of classification or shelving scheme Dewey Decimal Classification
Koha item type Books
Holdings
Withdrawn status Lost status Source of classification or shelving scheme Damaged status Not for loan Collection code Home library Current library Shelving location Date acquired Vendor Name Cost, normal purchase price SGTU Bill Number Total Checkouts Full call number Accession No. (Barcode) Date last seen Bill Date Koha item type
    Dewey Decimal Classification     ENGINEERING SGT Engineering Library SGT Engineering Library Text Book 24/06/2019 KIRTI PRAKASHAN 919.00 SGTU IN3775   624.1762,KRA FE7477 24/06/2019 02/05/2019 Books
    Dewey Decimal Classification     ENGINEERING SGT Engineering Library SGT Engineering Library Text Book 24/06/2019 KIRTI PRAKASHAN 919.00 SGTU IN3775   624.1762,KRA FE7478 24/06/2019 02/05/2019 Books